000 00870nam a2200181 a 4500
001 15752
003 CO-ViMGA
008 141112s2004 ck r 000 u spa d
020 _a01236326
040 _aCO-ViMGA
_bspa
_cCO-ViMGA
110 _aEl Tiempo
_98972
245 1 0 _aPORTAFOLIO
260 _aBogotá,
_ccasa editorial el Tiempo
500 _aSolicitar el ejemplar de la tabla de contenido.
505 _aPORTAFOLIO MAYO 7 - 2003 : Maratón en el plan de desarrollo - La WWW cumplió diez años PORTAFOLIO MAYO 8 - 2003 : Una mirada a los niños desatentos, deficit de atención - Oficina del futuro, adiós a los papeles y bienvenidos los bits - Supervisan niños vía satelite, GPS - Accidentes de trabajo se crecen PORTAFOLIO MAYO 9 - 2003 : Compruebelo el vino ecológico bien se merece una copa
650 1 4 _aEconomía Y NEGOCIOS
_922651
942 _2ddc
_cBK
999 _c25842
_d25842